Diseño de exposiciones /

Presentación de 42 proyectos de diseño de exposiciones de naturaleza distinta (arte, temáticas sociales, diseño, ferias comerciales), desarrollados en diversos lugares del mundo por despachos diversos.

I tiakina i:
Ngā taipitopito rārangi puna kōrero
Kaituhi matua: Broto, Carles (autor)
Ētahi atu kaituhi: Krauel, Jacobo (coordinación editorial) (coordinación editorial)
Hōputu: Pukapuka
Reo:Pāniora
Ngā marau:
Ngā Tūtohu: Tāpirihia he Tūtohu
Kāore He Tūtohu, Me noho koe te mea tuatahi ki te tūtohu i tēnei pūkete!

MARC

LEADER 00000nam^a2200000^a^4500
001 000318100
005 20250521000000.0
009 20260310113402.332
020 |a 978-84-92796-27-4 
037 |a Acervo ITESO - Biblioteca 
041 |a ESP 
082 |a 725. 91  |b BRO 
100 |a Broto, Carles  |e (autor) 
245 1 0 |a Diseño de exposiciones /  |c C. Broto ; coord. editorial de J. Krauel. 
264 |a Barcelona, España :  |b Links,  |c copyright fecha no identificada 
300 |a 299 p. 
336 |a texto  |b txt  |2 rdacontenido 
337 |a sin mediación  |b n  |2 rdamedio 
338 |a volumen  |b nc  |2 rdasoporte 
520 |a Presentación de 42 proyectos de diseño de exposiciones de naturaleza distinta (arte, temáticas sociales, diseño, ferias comerciales), desarrollados en diversos lugares del mundo por despachos diversos. 
649 |a XX 
650 |a Museos y Galerías 
650 |a Museos 
650 |a Centros de Convenciones y Exposiciones 
650 |a Ferias Comerciales (Diseño y Montaje) -  |x Tema Principal 
650 |a Cultura -  |x Difusión 
650 |a Narración (Retórica) 
650 |a Decoración y Ornamentación 
650 |a Diseño -  |x Tema Principal 
650 |a Arquitectura Efímera -  |x Tema Principal 
650 |a Arquitectura (Tendencias Recientes) -  |x Historia y Crítica 
650 |a Arquitectura -  |x Historia y Crítica 
650 |a Arte -  |x Exposiciones -  |x Tema Principal 
650 |a Arte Efímero -  |x Historia y Crítica 
650 |a Arte (Tendencias Recientes) -  |x Historia y Crítica 
650 |a Arte -  |x Historia y Crítica 
700 |a Krauel, Jacobo  |e (coordinación editorial) 
910 |a Fondo General 
920 |a Impresos - Libros 
930 |a Reserva Especial 
905 |a 103 
901 |a 0500205311  |b IT1  |c REE  |i C130106  |u 20250521 
902 |a https://opac.biblio.iteso.mx/vufind/Record/000318100